4 Letter Word Chain - Statistics

General Stats
  • This quiz has been taken 78 times
  • The average score is 14 of 15
Answer Stats
Hint Answer % Correct
No hair Bald
99%
Not alive Dead
99%
At the end of a leg Foot
99%
Opposite to a boy Girl
99%
Male royal ruler King
99%
Not push Pull
97%
Larger frog Toad
97%
Grows on trees Leaf
96%
Birds live in Nest
96%
Not thick Thin
96%
Young sheep Lamb
94%
Long tooth, of an elephant Tusk
88%
Celestial object Moon
86%
aquatic salamander Newt
81%
Another word for fall Drop
80%
No matching quizzes found
Score Distribution
Percent of People with Each Score
Percentile by Number Answered
Your Score History
You have not taken this quiz